<?xml version="1.0" encoding="UTF-8"?>
<record
    xmlns:xsi="http://www.w3.org/2001/XMLSchema-instance"
    xsi:schemaLocation="http://www.loc.gov/MARC21/slim http://www.loc.gov/standards/marcxml/schema/MARC21slim.xsd"
    xmlns="http://www.loc.gov/MARC21/slim">

  <leader>00672nam a2200181Ia 4500</leader>
  <controlfield tag="008">100920s9999    xx            000 0 und d</controlfield>
  <datafield tag="082" ind1=" " ind2=" ">
    <subfield code="b">23914</subfield>
    <subfield code="a">51 &#x925; 56</subfield>
  </datafield>
  <datafield tag="100" ind1=" " ind2=" ">
    <subfield code="a">&#x906;&#x92A;&#x91F;&#x947; &#x917;&#x941;&#x930;&#x942;&#x91C;&#x940;.</subfield>
  </datafield>
  <datafield tag="245" ind1=" " ind2=" ">
    <subfield code="a">&#x92A;&#x902;&#x921;&#x93F;&#x924; &#x91C;&#x935;&#x93E;&#x939;&#x930;&#x932;&#x93E;&#x932; &#x928;&#x947;&#x939;&#x930;&#x942;.</subfield>
  </datafield>
  <datafield tag="260" ind1=" " ind2=" ">
    <subfield code="b">&#x915;&#x947;&#x936;&#x935; &#x92D;&#x93F;&#x915;&#x93E;&#x91C;&#x940; &#x922;&#x935;&#x933;&#x947;, &#x917;&#x93F;&#x930;&#x917;&#x93E;&#x902;&#x935;, &#x92E;&#x941;&#x902;&#x92C;&#x908; 4.</subfield>
    <subfield code="c">1956</subfield>
  </datafield>
  <datafield tag="300" ind1=" " ind2=" ">
    <subfield code="a">116</subfield>
    <subfield code="b">&#x938;&#x93E;&#x927;&#x940;</subfield>
  </datafield>
  <datafield tag="365" ind1=" " ind2=" ">
    <subfield code="b">1.25</subfield>
  </datafield>
  <datafield tag="520" ind1=" " ind2=" ">
    <subfield code="a">&#x91A;&#x930;&#x93F;&#x924;&#x94D;&#x930;.</subfield>
  </datafield>
  <datafield tag="630" ind1=" " ind2=" ">
    <subfield code="a">&#x92A;&#x902;&#x921;&#x93F;&#x924; &#x91C;&#x935;&#x93E;&#x939;&#x930;&#x932;&#x93E;&#x932; &#x928;&#x947;&#x939;&#x930;&#x942;.</subfield>
  </datafield>
  <datafield tag="650" ind1=" " ind2=" ">
    <subfield code="a">&#x91A;&#x930;&#x93F;&#x924;&#x94D;&#x930;.</subfield>
  </datafield>
  <datafield tag="730" ind1=" " ind2=" ">
    <subfield code="a">&#x92A;&#x902;&#x921;&#x93F;&#x924; &#x91C;&#x935;&#x93E;&#x939;&#x930;&#x932;&#x93E;&#x932; &#x928;&#x947;&#x939;&#x930;&#x942;.</subfield>
  </datafield>
  <datafield tag="942" ind1=" " ind2=" ">
    <subfield code="c">BOOK</subfield>
  </datafield>
  <datafield tag="999" ind1=" " ind2=" ">
    <subfield code="c">682560</subfield>
    <subfield code="d">682557</subfield>
  </datafield>
  <datafield tag="952" ind1=" " ind2=" ">
    <subfield code="0">0</subfield>
    <subfield code="1">0</subfield>
    <subfield code="4">0</subfield>
    <subfield code="7">0</subfield>
    <subfield code="a">SATVAC</subfield>
    <subfield code="b">SATVAC</subfield>
    <subfield code="c">51 &#x925; 56</subfield>
    <subfield code="d">0000-00-00</subfield>
    <subfield code="g">1.25</subfield>
    <subfield code="l">0</subfield>
    <subfield code="p">SATVAC-23914</subfield>
    <subfield code="r">2010-09-20 00:00:00</subfield>
    <subfield code="w">2010-09-20</subfield>
    <subfield code="y">BOOK</subfield>
    <subfield code="z">&#x926;&#x947;&#x935;&#x918;&#x947;&#x935;</subfield>
  </datafield>
</record>
